Name The Meme - Statistics

General Stats
  • This quiz has been taken 207 times
  • The average score is 17 of 20
Answer Stats
Question Tile Select % Correct
Gedagedigedagedo No
95%
Gedagedigedagedo No
95%
Chill Guy Yes
95%
Chill Guy No
95%
Chill Guy No
94%
Skibidi Toilet No
93%
Player 456 (season 2) No
93%
Skibidi Toilet No
92%
Skibidi Toilet Yes
91%
Skibidi Toilet No
91%
Chill Guy No
91%
Player 456 (season 2) No
91%
CaseOh (guess the exact color) No
90%
Gedagedigedagedo No
88%
Gedagedigedagedo Yes
85%
Player 456 (season 2) Yes
82%
CaseOh (guess the exact color) No
80%
Player 456 (season 2) No
76%
CaseOh (guess the exact color) No
48%
CaseOh (guess the exact color) Yes
36%
No matching quizzes found
Score Distribution
Percent of People with Each Score
Percentile by Number Answered
Your Score History
You have not taken this quiz